Preddavky z verejných prostriedkov v obciach a ROPO

Obce a rozpočtové/príspevkové organizácie používajú verejné prostriedky v súlade so svojím rozpočtom a so zachovaním zásady hospodárnosti, efektívnosti, účelnosti a účinnosti ich použitia. Štatutárny orgán obce/ROPO je povinný zabezpečiť, aby sa verejné prostriedky uvoľňovali iba v takej výške, aká...

Descrizione completa

Salvato in:
Dettagli Bibliografici
Autore principale: Konečná Veverková, Ingrid
Natura: Capitolo di libro
Lingua:slovacco
Soggetti:
Tags: Aggiungi Tag
Nessun Tag, puoi essere il primo ad aggiungerne!!

MARC

LEADER 00000naa a2200000 4500
001 0222160
005 20221104112905.2
041 0 |a slo 
044 |a SK 
245 1 0 |a Preddavky z verejných prostriedkov v obciach a ROPO  |c Ingrid Konečná Veverková 
520 |a Obce a rozpočtové/príspevkové organizácie používajú verejné prostriedky v súlade so svojím rozpočtom a so zachovaním zásady hospodárnosti, efektívnosti, účelnosti a účinnosti ich použitia. Štatutárny orgán obce/ROPO je povinný zabezpečiť, aby sa verejné prostriedky uvoľňovali iba v takej výške, aká zodpovedá rozsahu plnenia úloh zahrnutých v jeho rozpočte. 
610 2 0 |a organizácie rozpočtové 
610 2 0 |a organizácie príspevkové 
610 2 0 |a obce 
610 2 0 |a financie verejné 
610 2 0 |a preddavky 
100 1 |a Konečná Veverková, Ingrid